000 00888nam a2200205 a 4500
001 000021378
005 20200930011318.0
008 100907s1989 dr a r 000 0 spa d
040 _aDO-SdBNP
_bspa
_cBNPHU
082 _a352.48
_bR426p
110 1 _aRepública Dominicana
_bSecretariado Técnico de la Presidencia
_bOficina Nacional de Presupuesto
_932266
245 1 0 _aPresupuesto de ingresos y ley de gastos públicos del Gobierno Central 1989 /.
260 _aSanto Domingo :
_bSecretariado Técnico de la Presidencia,
_c1989.
300 _av. :
_bil. ;
_c28 cm.
650 4 _aPresupuesto
_zRepública Dominicana
_97940
650 4 _aHacienda pública
_zRepública Dominicana
_96562
651 _aRepública Dominicana
_xGastos Presupuestarios Públicos
_y1989
_944629
650 _aPresupuesto
_xLegislación
_zRepública Dominicana
_933735
910 _aValidado. Control de calidad. MMOLINA
999 _c20878
_d20878